Mosaic 2 Listening /Speaking

Đĩa keÌ€m theo sách; Các kiến thức về lí thuyết và bài tập thực hành luyện nghe và nói tiếng Anh

Spremljeno u:
Bibliografski detalji
Glavni autor: Hanreddy, Jami
Daljnji autori: Whalley, Lizabeth
Format: Knjiga
Jezik:Undetermined
Izdano: Tp.Hồ Chí Minh Tổng hợp Tp.Hồ Chí Minh; McGraw - Hill 2009
Teme:
Online pristup:http://lrc.tdmu.edu.vn/opac/search/detail.asp?aID=2&ID=26953
Oznake: Dodaj oznaku
Bez oznaka, Budi prvi tko označuje ovaj zapis!
Thư viện lưu trữ: Trung tâm Học liệu Trường Đại học Thủ Dầu Một
LEADER 00850nam a2200205Ia 4500
001 TDMU_26953
008 210410s9999 xx 000 0 und d
082 |a 304.8 
090 |b H107 
100 |a Hanreddy, Jami 
245 0 |a Mosaic 2 Listening /Speaking 
245 0 |c Jami Hanreddy, Elizabeth Whalley 
260 |a Tp.Hồ Chí Minh 
260 |b Tổng hợp Tp.Hồ Chí Minh; McGraw - Hill 
260 |c 2009 
520 |a Đĩa keÌ€m theo sách; Các kiến thức về lí thuyết và bài tập thực hành luyện nghe và nói tiếng Anh 
650 |a TOEFL; Tiếng Anh  |x Kỹ năng nghe  |v Sách luyện thi 
700 |a Whalley, Lizabeth 
856 |u http://lrc.tdmu.edu.vn/opac/search/detail.asp?aID=2&ID=26953 
980 |a Trung tâm Học liệu Trường Đại học Thủ Dầu Một